|
|
|
|
| LEADER |
01250nam a2200337 a 4500 |
| 001 |
32037 |
| 003 |
BD-DhAAL |
| 005 |
20211116103951.0 |
| 008 |
170911s1999 maua b 001 0 eng |
| 999 |
|
|
|c 38258
|d 38258
|
| 010 |
|
|
|a 98038512
|
| 020 |
|
|
|a 9780262581899
|
| 020 |
|
|
|a 9780262082648
|
| 020 |
|
|
|a 0262082640 (hc : alk. paper)
|
| 020 |
|
|
|a 0262581892
|
| 040 |
|
|
|a DLC
|c DLC
|d DLC
|d BD-DhAAL
|
| 050 |
0 |
0 |
|a NA680
|b .H42 1999
|
| 082 |
0 |
0 |
|a 724.6
|2 21
|
| 100 |
1 |
|
|a Heynen, Hilde.
|9 22026
|
| 245 |
1 |
0 |
|a Architecture and modernity :
|b a critique /
|c Hilde Heynen.
|
| 260 |
|
|
|a Cambridge, Mass. ;
|a London ;
|b MIT Press,
|c c1999.
|
| 300 |
|
|
|a 265 pages :
|b illustration ;
|c 26 cm.
|
| 504 |
|
|
|a Includes bibliographical references (p. [226]-259) and index.
|
| 526 |
|
|
|a ARC
|
| 541 |
|
|
|e 32037
|
| 650 |
|
0 |
|a Architecture, Modern
|y 20th century.
|9 22027
|
| 650 |
|
0 |
|a Architecture and society
|x History
|y 20th century.
|9 22028
|
| 650 |
|
0 |
|a Philosophy, Modern
|y 20th century
|x Influence.
|9 22029
|
| 650 |
|
0 |
|a Architecture.
|9 42683
|
| 942 |
|
|
|2 ddc
|c BK
|
| 952 |
|
|
|0 0
|1 0
|2 ddc
|4 0
|6 724_600000000000000_HEY
|7 0
|9 61016
|a BRACUL
|b BRACUL
|c GEN
|d 2017-08-24
|e Karim International
|g 2650.00
|l 1
|o 724.6 HEY
|p 3010032037
|r 2021-12-23
|s 2021-12-15
|t 1
|v 2650.00
|w 2017-08-24
|y BK
|